01394nam a2200301 a 450000100100000000500170001000800410002702000150006804000250008308200210010810000370012924501130016625000110027926000530029030000270034349000400037059000270041050000410043760000540047865000480053265100470058070000300062783000450065795201330070295201180083595201240095399900150107700000690020240302073949.0090903s2007 dr a 000 0 spa d a9993476846 aDO-SdBNPbspacBNPHU axxxbT231C, 20071 aCassá, Roberto, d1948-91088810aManuel Aurelio Tavárez Justo :blíder de la juventud. /cRoberto Cassá ; ilustraciones Ramiro Manzano. a2a ed. aSanto Domingo, :bTobogánfAlfa y Omegac2007. a104 p. :bil ;c20 cm.1 aBiografía dominicanas Tobogán ; aInventariado, 2018/ YL aIncluye referencias bibliográficas14aTAVÁREZ JUSTO, MANUEL AURELIOd1931-1963919137 4aEscritores dominicanosvBIOGRAFÍAS919138 4aRepública DominicanavBIOGRAFÍAS9108312aManzano, Ramiroeil.9768 0aBiografía dominicanas Tobogán919139 001154708DSaGRbGRcMId2011-03-17iLF1l0oxxx T231C, 2007p6900-30r2020-06-25te. 3w2020-06-25yLFDSZPréstamo en sala 0010718PDaPDbPDcHDd2009-09-03iLF1l0oxxx T231C, 2007p6900-10r2020-06-25w2020-06-25yLFPDZNo se presta 0010718PDaPDbPDcHDd2011-03-04iLF1l0oxxx T231C, 2007p6900-20r2020-06-25te. 2w2020-06-25yLFPDZNo se presta c6685d6685